000
00338nam a22001457a 4500
005
20200225153256.0
008
200225b xxu||||| |||| 00| 0 eng d
020
_a
81-239-0277-8
041
_a
eng
100
_a
ZAFAR, RASHEEDUZ
_9
5134
245
_a
MEDICINAL PLANTS OF INDIA
260
_a
NEW DELHI
_b
CBS
300
_a
132p,
942
_c
BK
999
_c
6042
_d
6040